| 000 | 00585nam a22002057a 4500 | ||
|---|---|---|---|
| 999 |
_c3508 _d3508 |
||
| 003 | AR-CdUCM | ||
| 008 | 190306b ||||| |||| 00| 0 eng d | ||
| 040 |
_aMUNICIPALIDAD PROVINCIAL DEL CUSCO _cBIBLIOTECA MUNICIPAL DEL CUSCO |
||
| 082 |
_a864 / _bR74 |
||
| 100 |
_aRodriguez Lira,Daniel _911519 |
||
| 245 | _aSe enamoro el Diablo / | ||
| 260 |
_aCusco : _bMalgra, _c2017. |
||
| 300 |
_apáginas 78 ; _c19 cm. |
||
| 650 |
_aNovela _95 |
||
| 650 |
_aFolclore _93233 |
||
| 650 |
_aCostumbres _9230 |
||
| 650 |
_aVirgen de la Candelaria _911520 |
||
| 942 |
_2ddc _cLIBROS |
||
| 945 | _admma | ||